000 01510cam a2200169 4500500
005 20260111094550.0
041 _afre
042 _adc
100 1 0 _aBricon, Stéphanie
_eauthor
245 0 0 _aÉliane Gubin, Choisir l’histoire des femmes, Bruxelles, Éditions de l’Université, 2007, 273 p., 25 €
260 _c2009.
500 _a69
520 _aRésuméCet article présente un corpus de seize lettres de doléances de paysans russes adressées aux autorités (autorités religieuses, politiques, ou même simplement rédaction d’un journal), sur deux périodes : entre 1905-1909 et, après la Révolution d’Octobre et la guerre civile, entre 1924-1925. Il propose une bibliographie thématique sur la paysannerie russe de la fin du xixe siècle aux années 1920, avant la traduction de l’ensemble des documents.
520 _aThis paper presents a corpus of sixteen letters of complaints Russian peasants wrote to various authorities, religious, political or merely newspaper editors, over two periods, from 1905 to 1909 on one hand, and after the October Revolution and the Civil War, in 1924-25. We provide first a thematic bibliography on the Russian peasantry from the end of the 19th century to the 1920s, then the translation of the whole set of documents.
786 0 _nHistoire & Sociétés Rurales | 30 | 2 | 2009-02-13 | p. 135y-201y | 1254-728X
856 4 1 _uhttps://shs.cairn.info/revue-histoire-et-societes-rurales-2008-2-page-135y?lang=fr&redirect-ssocas=7080
999 _c1628795
_d1628795